000 00809nam a22002657a 4500
001 BR6004194
003 BR-BrBNA
005 20230928083204.0
007 ta
008 230509b bl.||||| |||| 00| 0 por d
040 _aBR-BrBNA
_bpor
_cBiblioteca Nacional de Agricultura
041 _a(Por)
072 _aE10
090 _ E10 BR6004194
110 1 _aFundacao Instituto Brasileiro de Geografia e Estatistica, Rio de Janeiro, GB. Depto. de Estatisticas Industriais, Comerciais e de Servicos
_94924
245 1 _aIndustrias de transformacao 1970 [Brasil]
260 3 _aRio de Janeiro, GB (Brasil):
_c1971.
300 _a265 p.
500 _aNumerical data
650 _aMacroeconomia
650 _aIndustria
650 _aIndustrializacao
909 _a202309
_bLucia
_c55
_dLucia Elande
942 _cBK
999 _c12049
_d12049